Leadership and management in the hospitality industry

Na minha lista:
Detalhes bibliográficos
Autor principal: Woods, Robert H.
Outros Autores: King, Judy Z.
Formato: Livro
Idioma:inglês
Publicado em: Lansing American Hotel & Lodging Educational Institute 2010
Edição:3rd ed.
Assuntos:
Tags: Adicionar Tag
Sem tags, seja o primeiro a adicionar uma tag!

MARC

LEADER 00000nam$a2200000$$$4500
001 0222859
005 20231215113618.6
020 |a 978-0-86612-347-1 
041 0 |a eng 
044 |a US 
245 1 0 |a Leadership and management in the hospitality industry  |c Robert H. Woods, Judy Z. King 
250 |a 3rd ed. 
264 1 |a Lansing  |b American Hotel & Lodging Educational Institute  |c 2010 
300 |a xii, 374 s. 
610 2 0 |a pohostinstvo 
610 2 0 |a stravovanie spoločné 
610 2 0 |a ubytovanie 
610 2 0 |a reštaurácie 
610 2 0 |a hotely 
610 2 0 |a vedenie 
610 2 0 |a riadenie 
610 2 0 |a manažment 
610 2 0 |a kvalita 
610 2 0 |a služby 
610 2 0 |a komunikácia 
610 2 0 |a zručnosti 
610 2 0 |a zamestnanci 
610 2 0 |a koučovanie 
610 2 0 |a tímy pracovné 
610 2 0 |a kariéra 
610 2 0 |a etika 
610 2 0 |a etika manažérska 
100 1 |a Woods, Robert H. 
700 1 |a King, Judy Z.